Proba klasyfikacji górnopaleolitycznych przemyslów z ploszczami liściowatymi w Europie = In quasnam classes aerae q. d. palaeolithicae superioris industria Europensis foliaceia hastarum cuspidibus insignis describi possit /
| Main Author: | |
|---|---|
| Format: | Book |
| Language: | Polish French Russian |
| Language Notes: | Summaries in French and Russian. |
| Published: |
Kraków :
Nakładem Uniwersytetu Jagiellońskiego,
1961.
|
| Edition: | [Wyd. 1.]. |
| Series: | Zeszyty naukowe Uniwersytetu Jagiellońskiego. Rozprawy i studia ;
t. 31. |
| Subjects: |
MARC
| Tag | First Indicator | Second Indicator | Subfields |
|---|---|---|---|
| LEADER | 00000cam a2200000 a 4500 | ||
| 001 | in00002425362 | ||
| 005 | 20151109141446.0 | ||
| 008 | 900425s1961 pl abf 000 0 pol c | ||
| 010 | |a 62046771 | ||
| 035 | |a (OCoLC)ocm68183950 | ||
| 035 | |a (OCoLC)68183950 | ||
| 040 | |a EYM |c EYM |d TXA |d UtOrBLW | ||
| 041 | 0 | |a pol |a fre |a rus | |
| 042 | |a pcc | ||
| 043 | |a e------ | ||
| 049 | |a TXAM | ||
| 050 | 4 | |a GN772.2.S6 |b .K69 1961 | |
| 100 | 1 | |a Kozłowski, Janusz Krzysztof. | |
| 245 | 1 | 0 | |a Proba klasyfikacji górnopaleolitycznych przemyslów z ploszczami liściowatymi w Europie = |b In quasnam classes aerae q. d. palaeolithicae superioris industria Europensis foliaceia hastarum cuspidibus insignis describi possit / |c Janusz Krzysztof Kozłowski. |
| 246 | 3 | |a In quasnam classes aerae q.d. palaeolithicae superioris industria Europensis foliaceia hastarum cuspidibus insignis describi possit | |
| 250 | |a [Wyd. 1.]. | ||
| 264 | 1 | |a Kraków : |b Nakładem Uniwersytetu Jagiellońskiego, |c 1961. | |
| 300 | |a 131 pages, 4 unnumbered folded leaves of plates : |b illustrations, folded maps ; |c 25 cm. | ||
| 336 | |a text |b txt |2 rdacontent | ||
| 337 | |a unmediated |b n |2 rdamedia | ||
| 338 | |a volume |b nc |2 rdacarrier | ||
| 490 | 1 | |a Zeszyty naukowe Uniwersytetu Jagiellońskiego. Rozprawy i studia ; |v t. 31 | |
| 546 | |a Summaries in French and Russian. | ||
| 504 | |a Includes bibliographical references. | ||
| 650 | 0 | |a Solutrean culture. | |
| 650 | 0 | |a Stone age |z Europe |v Chronology. | |
| 650 | 0 | |a Archaeology |x Classification. | |
| 650 | 0 | |a Antiquities |x Classification. | |
| 830 | 0 | |a Zeszyty naukowe Uniwersytetu Jagiellońskiego. |p Rozprawy i studia ; |v t. 31. | |
| 948 | |a cataloged |b h |c 2008/10/14 |d c |e tchubaryan |f 12:32:57 pm | ||
| 994 | |a C0 |b TXA | ||
| 999 | |a MARS | ||
| 999 | f | f | |s 9c6cd624-25f2-3bfd-bd65-5d97eb725d4d |i b91342db-a1b2-3b24-a430-185d6a4357df |t 0 |
| 952 | f | f | |p ric |a Texas A&M University |b Rellis Campus |c Joint Library Facility |d Remote Storage |t 0 |e GN772.2.S6 .K69 1961 |h Library of Congress classification |i unmediated -- volume |m A14837359445 |
| 998 | f | f | |a GN772.2.S6 .K69 1961 |t 0 |l Remote Storage |